000 00597nam a2200217 i 4500
001 C2-0227045
003 PPAK
005 20180728154619.0
008 000711s xx |||| ||||| | may d
040 _aPPAK
_beng
_cPPAK
_erda
082 0 4 _a070.016
_223
090 0 0 _a070.016
_bCOM
_dKK
245 0 0 _aComputimes
264 1 _aAlor Setar, Kedah :
_bPerbadanan Perpustakaan Awam Kedah ,
_cJune-September (1999)
300 _c36 cm
336 _2rdacontent
_atext
337 _2rdamedia
_aunmediated
338 _2rdacarrier
_avolume
500 _aKeratan Akhbar Koleksi Kedah
942 _ddc
_cB
999 _c147228
_d147228